Programovací jazyk PL/M 51 /

Salvato in:
Dettagli Bibliografici
Autore principale: Reznák, Miroslav (Autore)
Natura: Libro
Lingua:ceco
Pubblicazione: Praha : ČSVTS, 1988
Edizione:1.vyd.
Tags: Aggiungi Tag
Nessun Tag, puoi essere il primo ad aggiungerne!!

MARC

LEADER 00000nam a22000003a 4500
001 stu7281
005 20150617225809.6
008 950120s1988----xr------------------cze-d
040 |a STU  |b slo 
041 0 |a cze 
044 |a xr 
080 |a 681.3.06 
100 1 |a Reznák, Miroslav  |4 aut 
245 1 |a Programovací jazyk PL/M 51 /  |c [aut.] Reznák,Miroslav 
250 |a 1.vyd. 
260 |a Praha :  |b ČSVTS,  |c 1988 
300 |a 284 s 
996 |b 284ES17207  |c E*S-32857  |l EE01  |s A  |a 24  |w stu7281_0001